Statistics for Oceania Quiz

Click here to take the quiz!

General Stats

  • This quiz has been taken 24 times
  • The average score is 10 of 15

Answer Stats

HintAnswer% Correct
Most populous countryAustralia
100%
Most populous country on the continent with a land borderPapua New Guinea
100%
First country to celebrate New Years every yearKiribati
94%
Neighbor country of GuamFed. States of Micronesia
88%
Sixth most populous countrySolomon Islands
88%
Island just south of that countryTasmania
88%
Empire that conquered the whole Pacific OceanTonga
88%
Most obese countryNauru
81%
American StateHawaii
75%
Less populous country with a land borderEast Timor
69%
Most populous city in FijiSuva
69%
Largest pacific colonyNew Caledonia
31%
Famous kind of water originating from a small island nationFiji water
19%
Group of islands fighting for their independance from that countryBougainville
13%
Most spoken languageHindi
13%

Score Distribution

Percentile by Number Answered

Percent of People with Each Score

Your Score History

You have not taken this quiz